Countries that Beat Ghana - Statistics

General Stats
  • This quiz has been taken 309 times
  • The average score is 8 of 15
Answer Stats
Rank Category Countries % Correct
8 Smallest African country to be colonised by Britain Seychelles | Mauritius | Gambia | Eswatini | Lesotho | Sierra Leone | Malawi
91%
2 Most populous starting with G Germany
85%
3 Most wins at the Africa Cup of Nations Egypt | Cameroon
76%
4 Closest non-bordering country to Nigeria Equatorial Guinea | Togo | Burkina Faso
67%
3 First African nation to gain independencefrom the United Kingdom South Africa | Egypt
61%
2 Highest cocoa production [1] Ivory Coast
51%
4 Least fragile country in Africa Mauritius | Seychelles | Botswana
46%
3 Highest taro production [2] Nigeria | China
44%
3 Latest UN Secretary-General's home country Portugal | South Korea
42%
6 (t) African flag with the most stars Cape Verde | Equatorial Guinea | Comoros | Burundi | São Tomé and Príncipe
40%
2 Whose capital lies closest to prime meridian United Kingdom
40%
4 Largest reservoir by volume [3] Zambia | Zimbabwe | Russia
39%
5 (t) Latest to make its FIFA World Cup debut Iceland | Panama | Bosnia and Herzegovina | Slovakia
37%
3 Highest ranking of the quarter-finals losersin the 2010 FIFA World Cup Argentina | Brazil
27%
2 Most populous capital starting with A Jordan
13%
No matching quizzes found
Score Distribution
Percent of People with Each Score
Percentile by Number Answered
Your Score History
You have not taken this quiz